The hydra head (Record no. 46043)

MARC details
000 -LEADER
fixed length control field 00444nam a2200133 a 4500
008 - FIXED-LENGTH DATA ELEMENTS--GENERAL INFORMATION
fixed length control field 120416s1978 ||||||||||||||||| || u
050 ## - LIBRARY OF CONGRESS CALL NUMBER
Classification number PR 9155.U8H9
100 ## - MAIN ENTRY--PERSONAL NAME
Personal name Fuentes, Carlos
245 14 - TITLE STATEMENT
Title The hydra head
260 ## - PUBLICATION, DISTRIBUTION, ETC.
Place of publication, distribution, etc. London
Name of publisher, distributor, etc. Secker & Warburg
Date of publication, distribution, etc. 1978
300 ## - PHYSICAL DESCRIPTION
Extent 292p.
350 ## - PRICE (NR) (BK AM CF MU VM SE) [OBSOLETE]
Price 0.00
995 ## - RECOMMENDATION 995 [LOCAL, UNIMARC FRANCE]
-- 0.00
-- CBU-MAIN LIBRARY (Kitwe)
-- 1
-- 4.95
-- 1
-- AVAILABLE
-- Dec 13, 2006
-- Fiction Collection
Holdings
Withdrawn status Lost status Source of classification or shelving scheme Damaged status Not for loan Home library Current library Shelving location Date acquired Total Checkouts Full call number Barcode Date last seen Price effective from Koha item type
          CBU-MAIN LIBRARY, KITWE. CBU-MAIN LIBRARY, KITWE.   11/30/2022   PR 9155.U8H9 010537 11/30/2022 11/30/2022 MONOGRAPH